Bandeiras da América do Sul - Imagens - Statistics

Estatísticas Gerais
  • Esse quiz foi jogado 106 vezes
  • A pontuação média é 12 de 12
Estatísticas das Respostas
Imagem Resposta % Correto
Argentina
100%
Bolivia
100%
Brasil
100%
Chile
99%
Equador
99%
Uruguai
99%
Venezuela
99%
Paraguai
98%
Colombia
97%
Peru
97%
Guiana
95%
Suriname
95%
Nenhum quiz correspondente encontrado
Distribuição das Pontuações
Porcentagem de Pessoas com Cada Pontuação
Percentil de Números Respondidos
Sua Pontuação Histórica
Você não jogou esse quiz